|
|
|
|
| LEADER |
00000nab a2200000 a 4500 |
| 001 |
vtls000683090 |
| 003 |
SK-MaSNL |
| 005 |
20260302181021.0 |
| 008 |
180206c1999 xo 0 slo |
| 015 |
|
|
|a SNBRB1999/02-04195
|
| 035 |
|
|
|a CLN000035257
|
| 040 |
|
|
|a SNKBUCL
|b slo
|c SNKBUCL
|e AACR2
|
| 041 |
0 |
|
|a slo
|
| 044 |
|
|
|a xo
|c SK
|
| 080 |
|
|
|a 246.5:22/28
|2 UDC-MRF-SK2
|
| 080 |
|
|
|a 22/28
|2 UDC-MRF-SK2
|
| 100 |
1 |
|
|a Arbet, Viliam
|4 aut
|9 800793
|
| 245 |
1 |
0 |
|a Reč symbolov v súčasnom kresťanstve
|c Viliam Arbet
|
| 650 |
0 |
7 |
|a kresťanstvo
|x liturgia
|x symboly
|2 snkbucl
|9 890996
|
| 650 |
0 |
7 |
|a kresťanská symbolika
|x význam
|2 snkbucl
|9 15868
|
| 655 |
|
7 |
|a články z novín a časopisov
|2 snkbucl
|9 267496
|
| 773 |
0 |
|
|t Listy
|g Roč. 12, č. 1 (1999), s. 5-6
|
| 850 |
|
|
|a Slovenská národná knižnica v Martine
|
| 852 |
|
|
|a SNK
|b KIS3GCP
|
| 958 |
|
|
|a RBX
|
| 999 |
|
|
|c 1412621
|d 1414551
|